| 000 | 004460000a22001810004500 | ||
|---|---|---|---|
| 020 | _a958-22-0074-X | ||
| 041 | 0 | _aENG | |
| 082 | 0 | 4 | _aG 291.1 E421s |
| 100 | 1 | _aEliade, Mircea (1907-) | |
| 245 | 1 | 0 | _aLo sagrado y lo profano / Mircea Eliade |
| 260 | _acolombia : Labor | ||
| 300 | _a185 Pag | ||
| 001 | 8978 | ||
| 942 | _cBK | ||
| 999 |
_c39070 _d39070 |
||
| 336 |
_atexto _btxt _2rdacontent |
||
| 337 |
_2rdamedia _asin mediación _bn |
||
| 338 |
_2rdacarrier _avolumen _bnc |
||